000 01407cam a22003254a 4500
001 14440759
003 OSt
005 20240626130554.0
008 060705s2006 dcuab bi 001 0 eng
010 _a 2006021181
020 _a9780896297579
020 _a0896297578
040 _aDDC
_cMUST
082 0 0 _a333.76 STRA 2006
_220
100 _aEdited by John Pender, Frank Place, and Simeon Ehui.
_918086
245 0 0 _aStrategies for sustainable land management in the East African highlands /
_cedited by John Pender, Frank Place, and Simeon Ehui.
260 _aWashington, D.C. :
_bInternational Food Policy Research Institute,
_cc2006.
300 _axvii, 483 p. :
_bill., col. maps ;
_c23 cm.
504 _aIncludes bibliographical references and index.
650 0 _aLand use
_xGovernment policy
_zAfrica, East.
_918087
650 0 _aAgriculture and state
_zAfrica, East.
_918088
650 0 _aAgriculture
_xEconomic aspects
_zAfrica, East.
_918089
655 7 _aAufsatzsammlung.
_2swd
_913501
700 1 _aPender, J.
_918090
700 1 _aPlace, Frank,
_cDr.
_918091
700 1 _aEhui, S.
_q(Simeon)
_918092
710 2 _aInternational Food Policy Research Institute.
_918093
776 0 8 _iOnline version:
_tStrategies for sustainable land management in the East African highlands.
_dWashington, D.C. : International Food Policy Research Institute, 2006
_w(OCoLC)654328926
942 _2ddc
_cO_SHELF
999 _c8935
_d8935